Regulación y supervisión de la banca: experiencias en experiencias en América Latina y el Caribe

保存先:
書誌詳細
主要な著者: Held Y., Günther (著者), Szalachamn, Raquel (著者)
フォーマット: 図書
言語:スペイン語
出版事項: Santiago CEPAL-PNUD 1993
主題:
タグ: タグ追加
タグなし, このレコードへの初めてのタグを付けませんか!

MARC

LEADER 00000nam a2200000 a 4500
001 UCY2804
003 CL-VaPUC
008 941121e19930000CL |||||||||||||||||spa|d
082 0 4 |a 332.109  |b HEL  |2 21 
100 |a Held Y., Günther  |e author  |9 469178 
700 0 |a Szalachamn, Raquel  |e author  |9 330943 
245 1 0 |a Regulación y supervisión de la banca: experiencias en experiencias en América Latina y el Caribe 
300 |a 3 v 
942 |c BK 
945 |d 19941121 00:00:00  |a rbrito 
260 |a Santiago  |b CEPAL-PNUD  |c 1993 
500 |a v.3: Brasil, El Salvador, Honduras, Trinidad y Tobago 
650 7 |a MERCADO FINANCIERO  |2 CL-VaPUC  |9 320731 
650 7 |a BANCAS ADMINISTRACION  |2 CL-VaPUC  |9 330944 
651 0 |a América Latina   |9 255027 
583 |a last modification  |c 19941121 00:00:00  |k Rodrigo Vera 
999 |c 231122  |d 231120 
952 |0 0  |1 0  |4 0  |6 332_109000000000000_HEL_1993  |7 0  |8 A  |9 233959  |a BIBENE  |b BIBENE  |d 2019-11-15  |h v.3  |i 3033147  |o 332.109 HEL 1993  |p 3033147  |r 2025-01-15  |w 2019-11-15  |y BK  |k ICO